Art of the nineteenth century : painting and sculpture
Αποθηκεύτηκε σε:
| Κύριος συγγραφέας: | |
|---|---|
| Άλλοι συγγραφείς: | |
| Μορφή: | Βιβλίο |
| Γλώσσα: | English |
| Δημοσίευση: |
London :
Thames & Hudson,
c1984.
|
| Θέματα: | |
| Ετικέτες: |
Προσθήκη ετικέτας
Δεν υπάρχουν, Καταχωρήστε ετικέτα πρώτοι!
|
MARC
| LEADER | 00000cam a2200000 i 4500 | ||
|---|---|---|---|
| 001 | 1/37247 | ||
| 008 | 061109s1984 enk| ||| |||| ||eng|| | ||
| 020 | |a 0500233853 | ||
| 035 | |l 10086039 | ||
| 040 | |a GR-MyUa |b gre |e AACR2 | ||
| 041 | 0 | |a eng | |
| 082 | 7 | |a 709.034 |2 (22) | |
| 100 | 1 | |a Rosenblum, Robert. | |
| 245 | 1 | 0 | |a Art of the nineteenth century : |b painting and sculpture / |c Robert Rosenblum, H. W. Janson. |
| 246 | 1 | |i Άλλες παραλλαγές του τίτλου: |a Art of the 19th century | |
| 260 | |a London : |b Thames & Hudson, |c c1984. | ||
| 300 | |a 527 σ. : |b εικ. (μερ. έγχρ.) ; |c 29 εκ. | ||
| 500 | |a "Painting text by Robert Rosenblum". - Στο verso. | ||
| 500 | |a "Sculpture text by the estate of H. W. Janson". - Στο verso. | ||
| 500 | |a Με 502 εικονογραφήσεις, 89 έγχρωμες. | ||
| 504 | |a Βιβλιογραφία: σ. [506]-514. Ευρετήριο. | ||
| 650 | 0 | |a Art, Modern |y 19th century. | |
| 700 | 1 | |a Janson, H. W. |q (Horst Woldemar), |d 1913-1982. | |
| 852 | |a INST |b LESVOS |e 20111125 |h 709.034 ROS |p 005100050920 |q 005100050920 |t BK |y 0 | ||
| 852 | |a INST |b SYROS |e 20061109 |h 709.034 ROS |p 005500004582 |q 005500004582 |t BK |y 0 | ||
| 901 | |a BIBL5-2006-3 | ||
| 901 | |a BIBL1-2011-3 | ||
| 922 | |a 5ΕΛΗ |b 200610 |c Βιβλιοθήκη Σύρου |d Glory Book | ||
| 950 | |a 188-2006-10-10 | ||
| 970 | |a Κοντού |b Παρασκευή |z 15/11/2006 | ||